000 00494nam a2200193Ia 4500
005 20240823012249.0
008 240823s9999||||xx |||||||||||||| ||und||
020 _a81-7808-359-0
041 _aENGLISH
082 _A004.678 P3
100 _aDeitel
245 0 _aInternet and World Wide Web - How to Program
250 _a1st
260 _c2003
_bPearson Education (Singapore)
500 _aTRANSFERED
650 _aInternet
_bInformation Technology
942 _cBK
999 _c163909
_d163909